| 000 | 01141nac a22002891u 4500 | ||
|---|---|---|---|
| 010 | _a 87010870 | ||
| 020 | _a0520060512 (alk. paper) | ||
| 020 | _a0520060520 (pbk.) | ||
| 082 | 0 | 0 |
_a338.9009172 _bBAT |
| 090 |
_c7480 _d7480 |
||
| 100 | _aBates, Robert H. | ||
| 245 | 0 | 0 |
_aToward a political economy of development : _ba rational choice perspective / _cedited by Robert H. Bates. |
| 260 |
_aBerkeley : _bUniversity of California Press, _cc1988. |
||
| 300 |
_ax, 393 p. ; _c24 cm. |
||
| 440 | 0 |
_aCalifornia series on social choice and political economy ; _v14 |
|
| 500 | _aIncludes index. | ||
| 500 | _aDistributer: Al-Ahram. | ||
| 504 | _aBibliography: p. [359]-380. | ||
| 511 | _aCatalogued By: Mahitab. | ||
| 650 | 0 | _aSocial choice. | |
| 651 | 0 |
_aDeveloping countries _xEconomic policy. |
|
| 651 | 0 |
_aDeveloping countries _xEconomic conditions. |
|
| 651 | 0 |
_aDeveloping countries _xPolitics and government. |
|
| 700 | 1 | _aBates, Robert H. | |
| 942 |
_cBB _k338.9009172BAT |
||
| 999 |
_c7480 _d7480 |
||